[Event "BL Meisterschaftsturnier 2020"]
[Site "Karlsruhe"]
[Date "2020.09.19"]
[Round "5.13"]
[White "Keymer, Vincent"]
[Black "Jakubowski, Krzysztof"]
[Result "1-0"]
[WhiteElo "2568"]
[BlackElo "2481"]
[Annotator "TA"]
[PlyCount "85"]
[EventDate "2020.09.16"]
[EventType "team-tourn"]
[EventCountry "GER"]
[SourceTitle "playchess.com"]
[Source "ChessBase"]
[SourceQuality "1"]
[WhiteTeam "Deizisau"]
[BlackTeam "SF Berlin"]

{[%evp 15,85,18,38,28,38,37,56,58,58,39,41,35,37,40,58,53,69,87,66,51,53,66,50,41,47,45,18,37,41,16,22,0,0,0,7,0,0,0,0,0,0,0,0,-12,-11,-22,-15,0,0,0,0,0,249,249,244,206,302,283,420,382,605,605,595,597,499,465,598,593,549,530,712,670]} 1. d4 Nf6 2. c4 e6 3. Nf3 b6 4. g3 Bb7 5. Bg2 Bb4+ 6. Bd2 Bxd2+ 7. Qxd2 O-O 8. O-O d6 9. Qd3 {9.Qf4 is a critical line. E16: Queen's Indian: 4 g3 Bb7 5 Bg2 Bb4+.} Be4 10. Qe3 {[#]} c6 $146 ({Predecessor:} 10... Nbd7 11. Nc3 Bb7 12. Qd3 Qe7 13. e4 e5 14. Rad1 Rfe8 15. Rfe1 a5 16. Qc2 Rac8 {1-0 (34) Lysyj,I (2627)-Bao,Q (2430) Qinhuangdao 2017}) 11. Nc3 {White is slightly better.} Bg6 12. d5 exd5 13. cxd5 c5 14. Qf4 a6 15. a4 Re8 16. Nd2 Nh5 17. Qc4 Nd7 18. f4 {Black must now prevent f5.} f5 19. e4 Nhf6 20. exf5 Bxf5 21. Rfe1 Ng4 22. Nde4 Ndf6 23. h3 Nxe4 24. Nxe4 Bxe4 25. Bxe4 Nf6 26. Bf5 Rxe1+ 27. Rxe1 b5 28. axb5 Qa5 29. Qe2 axb5 30. g4 {[#] aiming for g5.} Re8 31. Be6+ Kh8 32. Rd1 $36 {[%mdl 2048] White is more active.} Qa4 33. g5 Nxd5 $2 (33... Ng8 $11 {and Black is okay.}) 34. Rxd5 $18 Qxf4 {[#]} 35. Kg2 $1 b4 (35... Rf8 $142 36. Bg4 h6 37. gxh6 gxh6) 36. b3 Qc1 (36... Rf8 $142 37. Bg4 Rd8) 37. h4 c4 (37... Qf4 $142 38. Qg4 Qe3) 38. Rd1 {White is clearly winning.} Qc3 39. Qxc4 Qb2+ 40. Kh1 Qf2 {...Qf3+ is the strong threat.} 41. Rf1 Qe3 42. Qg4 {Threatening mate with Qf5.} Qa7 43. Qf5 {Accuracy: White = 94%, Black = 68%.} 1-0

[Event "BL Meisterschaftsturnier 2020"]
[Site "Karlsruhe"]
[Date "2020.09.19"]
[Round "5.13"]
[White "Lokander, Martin"]
[Black "Smeets, Jan"]
[Result "1/2-1/2"]
[WhiteElo "2406"]
[BlackElo "2585"]
[Annotator "TA"]
[PlyCount "53"]
[EventDate "2020.09.16"]
[EventType "team-tourn"]
[EventCountry "GER"]
[SourceTitle "playchess.com"]
[Source "ChessBase"]
[SourceQuality "1"]
[WhiteTeam "Bayern Muenchen"]
[BlackTeam "Solingen"]

{[%evp 12,53,34,39,31,21,30,23,33,7,9,-15,-12,0,-15,-11,-3,-20,0,0,0,-26,0,-16,-21,-14,0,-16,0,0,0,-32,7,9,7,7,9,10,10,8,9,9,8,6]} 1. d4 d5 2. c4 c6 3. Nf3 Nf6 4. Nc3 a6 5. e3 e6 6. b3 Bb4 7. Bd2 b6 $5 {[%mdl 4] 7...0-0 is becoming the main line. A promising side line. D45: Semi-Slav: 5 e3.} 8. Bd3 Bb7 9. O-O {Nxd5 is the strong threat.} dxc4 {[#] White has an edge.} 10. Bxc4 $146 ({Predecessor:} 10. bxc4 c5 11. Rb1 O-O 12. Qe2 Nbd7 13. Ne5 Qc7 14. f4 Rad8 15. Rfd1 {½-½ (15) Peralta,F (2584)-Santos Ruiz,M (2523) Sitges 2018}) 10... O-O 11. a3 Be7 12. Qe2 Nbd7 13. Rfd1 c5 (13... b5 $5 14. Bd3 $8 c5 $11) 14. dxc5 Bxc5 15. b4 Bd6 16. e4 Qb8 17. Bd3 Ng4 {[%cal Rd6h2]} 18. g3 Rc8 19. Rac1 Nge5 (19... b5 {is more complex.} 20. Ne1 Ngf6 21. Nf3 h6 22. Be3 Ne5) 20. Nxe5 Nxe5 21. Bb1 Nc4 22. Na4 {The position is equal.} b5 {[#]} ({Wrong is} 22... Nxa3 $2 23. Rxc8+ Bxc8 {[#]} 24. Bf4 $1 $16 {[%mdl 512]}) 23. Rxc4 $1 {[%mdl 576] Remove Defender, Decoy} Rxc4 (23... bxc4 24. Nb6) 24. Nb6 $1 {[%csl LRa8,LRc4][%mdl 64] Double Attack} Rd4 25. Nxa8 Bxa8 26. Bc3 Rxd1+ 27. Qxd1 {Not much happened in this game. Accuracy: White = 95%, Black = 88%.} 1/2-1/2

[Event "BL Meisterschaftsturnier 2020"]
[Site "Karlsruhe"]
[Date "2020.09.19"]
[Round "5.14"]
[White "Nikolic, Predrag"]
[Black "Lindgren, Philip"]
[Result "1-0"]
[WhiteElo "2562"]
[BlackElo "2358"]
[Annotator "TA"]
[PlyCount "173"]
[EventDate "2020.09.16"]
[EventType "team-tourn"]
[EventCountry "GER"]
[SourceTitle "playchess.com"]
[Source "ChessBase"]
[SourceQuality "1"]
[WhiteTeam "Solingen"]
[BlackTeam "Bayern Muenchen"]

{[%evp 10,173,22,9,27,25,29,16,20,28,32,32,34,19,18,19,19,24,24,18,33,16,26,13,23,0,18,0,9,-9,-10,-18,-19,-16,0,-30,-24,-15,-13,-6,0,-5,0,0,0,0,0,0,0,0,20,9,11,12,14,23,28,0,0,-5,-5,-5,8,1,1,2,10,0,8,8,8,0,45,0,0,0,0,0,0,0,0,0,0,0,0,0,0,0,0,0,0,0,0,0,14,14,36,36,39,15,34,28,54,6,6,3,8,8,8,8,8,8,8,8,8,8,8,8,137,137,129,8,8,8,8,8,8,8,129,129,175,175,183,184,316,312,316,316,316,316,316,316,5097,4100,1658,956,5927,5406,4326,139,29969,29969,29968,29968,29965,29963,29982,29983,29981,29982,29985,29986,29986,29987,29984,29983]} 1. Nf3 d5 2. g3 c6 3. Bg2 Bg4 4. O-O Nd7 5. d3 e6 6. c4 Bxf3 {A11: English Opening: 1...c6.} 7. Bxf3 dxc4 8. dxc4 Ne5 {The position is equal.} 9. Nd2 Nxf3+ 10. Nxf3 Nf6 {[#]} 11. Qxd8+ $146 (11. Qc2 {seems wilder.} Bc5 12. Bg5 Qe7 13. Rad1 h6 14. Bxf6 Qxf6 15. a3) ({Predecessor:} 11. Qc2 Be7 12. Rd1 Qc8 13. e4 O-O 14. e5 Nd7 15. Bg5 Re8 16. Bxe7 Rxe7 17. Rd6 {1-0 (47) Oparin,G (2652)-Lintchevski,D (2559) chess.com INT 2020}) 11... Rxd8 12. Be3 c5 13. Rfd1 Bd6 14. Rd3 Ke7 15. Ra3 Ra8 16. Rd1 Rhd8 17. h3 Rd7 18. Rdd3 b6 19. Ra6 Ne8 20. Rda3 Rb7 $1 21. Ng5 Be5 (21... Nc7 $5 22. R6a4 $8 Ne8 $11) 22. Rb3 Rc8 23. Ne4 ({Of course not} 23. Nxh7 f6 $17) 23... Rd7 24. Kg2 f5 25. Nc3 Bxc3 26. Rxc3 e5 27. Rd3 Rcc7 28. a3 Nd6 29. b3 Ke6 30. a4 Nc8 31. a5 Rxd3 32. exd3 $11 {[%mdl 4096] Endgame KRB-KRN} Kd7 33. axb6 axb6 34. b4 cxb4 35. Ra4 Kc6 36. Rxb4 Rd7 37. Rb3 g6 38. f4 exf4 39. Bxf4 Nd6 40. Ra3 Nb7 {Black wants to play ...Nc5.} 41. Kf3 Nc5 42. Ke3 Re7+ 43. Kd2 b5 44. cxb5+ Kxb5 45. Rc3 {Hoping for Bd6.} Rd7 {And now ...Ne4+ would win.} 46. Ke2 Ne6 47. Be3 Rc7 48. Ra3 Kc6 49. h4 Kd5 50. Ra5+ Kd6 51. d4 {aiming for d5.} Rc2+ 52. Kd3 Rc8 53. Bd2 Kd7 54. Ra7+ Rc7 55. Ra8 Rb7 56. d5 Nc7 57. Ra5 Rb5 58. Kd4 Rxa5 $1 59. Bxa5 {KB-KN} Ne8 60. Ke5 Nd6 61. Be1 Ne4 62. g4 Nc5 63. Kd4 Nb3+ (63... Na4 $11) 64. Kc4 $16 Nc1 {[#]} 65. gxf5 ({White must play} 65. Bd2 $1 $16 {[%cal Rd2c1]} Ne2 66. Kd3) 65... gxf5 $11 66. Bd2 Ne2 67. Kd3 Ng3 68. Bf4 Ne4 (68... Nh5 $1 $11 69. Be5 Ke7) 69. Kd4 $16 Ke7 70. Ke5 Nd6 71. h5 Kd7 (71... Nc4+ {was necessary.} 72. Kxf5 Nb6) 72. Kf6 $18 Nc4 73. Kxf5 Nb6 74. Ke5 Ke7 75. Bg5+ Kf7 $2 (75... Kd7 76. Kd4 Nc8) 76. Kd6 Nc4+ 77. Kc7 Ne5 78. Bf4 Nd3 79. Bg3 $2 (79. Bd2 $18 {is the precise move to win. d6 is the strong threat.} Ke8 80. Kd6) 79... Kf6 $2 {[%mdl 8192] [#] This move loses the game for Black.} (79... Nb4 $16) 80. d6 {White mates.} Nc5 81. Kc6 Ne6 82. Bh4+ Kf5 83. d7 Ke5 84. Bg3+ Kf6 85. Kd6 Kf5 86. Bh4 h6 87. Be7 {Accuracy: White = 88%, Black = 79%.} 1-0

[Event "BL Meisterschaftsturnier 2020"]
[Site "Karlsruhe"]
[Date "2020.09.19"]
[Round "5.14"]
[White "Schmidek, Emil"]
[Black "Lagarde, Maxime"]
[Result "1-0"]
[WhiteElo "2395"]
[BlackElo "2657"]
[Annotator "TA"]
[PlyCount "81"]
[EventDate "2020.09.16"]
[EventType "team-tourn"]
[EventCountry "GER"]
[SourceTitle "playchess.com"]
[Source "ChessBase"]
[SourceQuality "1"]
[WhiteTeam "SF Berlin"]
[BlackTeam "Deizisau"]

{[%evp 12,81,43,39,38,44,33,44,34,44,33,31,26,25,29,27,35,7,19,0,0,0,9,19,9,9,7,-45,-37,-52,0,0,0,0,-2,-38,-44,-40,-29,-31,-27,-190,-166,-346,-187,-533,1355,578,946,941,1043,921,894,875,817,802,758,558,343,614,495,482,599,598,585,589,564,568,520,512,745,646]} 1. e4 c5 2. Nf3 Nc6 3. d4 cxd4 4. Nxd4 Nf6 5. Nc3 e6 6. Ndb5 Bc5 7. Bf4 {Black must now prevent Nc7+.} O-O {B45: Sicilian Four Knights.} 8. Bc7 Qe7 9. Bd6 $1 {[%cal Rd6e7]} Bxd6 {White is slightly better.} 10. Qxd6 Qd8 11. O-O-O a6 12. Nd4 $1 Ne7 {[#] seems to push 12...Qb6 aside.} 13. Bd3 $146 ({Predecessor:} 13. h4 b5 14. h5 Ne8 15. Qb4 Bb7 16. h6 g6 17. a4 Nc6 18. Qc5 bxa4 19. Nxa4 {½-½ (65) Sarana,A (2655)-Dreev,A (2662) Izhevsk 2019}) 13... b5 14. g4 Bb7 15. f3 Ne8 16. Qg3 Qb6 17. Nce2 Nc6 18. Nxc6 dxc6 19. e5 (19. h4 $11) 19... c5 $36 {[%mdl 2048] White is under pressure.} 20. Qh4 {[%csl Gd3][%cal Rh4h7]} h6 {next ...c4 is good for Black.} (20... g6 {with more complications.} 21. Be4 Bxe4 22. fxe4 c4 23. Kb1 Rc8) 21. Be4 Bxe4 22. fxe4 c4 23. Qg3 b4 24. g5 h5 25. g6 fxg6 26. Nd4 $2 (26. Kb1 $11) 26... Rd8 $19 27. Rd2 $2 (27. Nf3) 27... h4 ({Less strong is} 27... b3 28. cxb3 Rxd4 29. Qg1 $17) (27... Rxd4 $142 28. Qg1 Qa5 {[%mdl 64] Double Attack} 29. Rxd4 Qxa2) 28. Qxg6 $2 (28. Qe3 {is more resistant.}) 28... Nc7 $4 {[%mdl 8192] [#]} ({Not} 28... Rxd4 29. Qg1 $19) (28... c3 $19 29. Rd3 Rxd4 30. Rxd4 Qxd4 31. Qxe6+ Kh7) 29. Rg1 (29. Nf5 $142 $1 {[%mdl 512]} Rxf5 (29... exf5 30. Qxb6) 30. Rxd8+ Rf8 31. Rxf8+ Kxf8 32. Rf1+ Kg8 33. Rg1 Qe3+ 34. Kb1 Qxg1+ 35. Qxg1) 29... Rf7 {[#]} 30. Nf5 $1 {[%mdl 576] Double Attack, Pin} Rdd7 (30... exf5 31. Rxd8+) 31. Nh6+ {[%mdl 64] Double Attack} Kf8 32. Nxf7 Rxf7 33. Rd8+ Ne8 34. Rdd1 b3 35. axb3 cxb3 {White is clearly winning.} 36. Rgf1 {[%csl Gf1][%cal Rg6f7]} Qe3+ 37. Kb1 {[%csl Gf1][%cal Rg6f7]} bxc2+ {[#]} 38. Ka2 $1 {[%csl Gf1][%cal Rg6f7]} Rf3 39. Rxf3+ Qxf3 {[#]} 40. Rd8 $1 {[%csl Gg6][%cal Rd8e8]} c1=N+ {[#]} 41. Kb1 $1 {[%mdl 512] Accuracy: White = 57%, Black = 64%.} 1-0

[Event "BL Meisterschaftsturnier 2020"]
[Site "Karlsruhe"]
[Date "2020.09.19"]
[Round "5.15"]
[White "Kollars, Dmitrij"]
[Black "Florstedt, Johannes"]
[Result "1-0"]
[WhiteElo "2585"]
[BlackElo "2353"]
[Annotator "TA"]
[PlyCount "87"]
[EventDate "2020.09.16"]
[EventType "team-tourn"]
[EventCountry "GER"]
[SourceTitle "playchess.com"]
[Source "ChessBase"]
[SourceQuality "1"]
[WhiteTeam "Deizisau"]
[BlackTeam "SF Berlin"]

{[%evp 17,87,8,31,26,27,20,21,15,15,15,15,16,14,18,34,13,52,52,45,0,65,63,120,114,125,160,129,106,123,112,170,154,245,249,256,258,216,216,218,192,242,245,253,206,340,229,214,84,87,81,82,77,92,98,96,90,723,656,670,670,664,664,666,614,656,656,656,625,800,793,491,481]} 1. e4 c5 2. Nf3 d6 3. d4 cxd4 4. Nxd4 Nf6 5. Nc3 a6 6. Be3 e5 7. Nf3 Be7 8. Bc4 O-O 9. O-O Be6 10. Bxe6 {B90: Sicilian Najdorf: Unusual White 6th moves, 6 Be3 Ng4 and 6 Be3 e5.} fxe6 11. Na4 Ng4 12. Qd3 {The position is equal.} Nxe3 13. Qxe3 b5 $1 {[%cal Rb5a4]} 14. Nb6 {[%cal Ba4b6,Bb6d5,Bd5c3,Bc3e2,Be2g3][%mdl 32]} Ra7 {Strongly threatening ...Rb7.} 15. Nd5 Rb7 16. Qd3 Nc6 17. Rfd1 {[#]} Bg5 $146 ({Predecessor:} 17... Rd7 18. a4 b4 19. Qxa6 exd5 20. Qxc6 dxe4 21. Qxe4 Qa5 22. Nxe5 d5 23. Qe2 Rc7 {Klinetobe,D (2035)-Sherwood,P (1816) San Francisco 2013}) 18. Nc3 Rd7 (18... Be7 $11) 19. a4 $36 {[%mdl 2048] White fights for an advantage.} b4 ({Better is} 19... Nd4 $1 $14) 20. Ne2 $1 $16 d5 21. Qxa6 Rd6 {...Nd4! is the strong threat.} 22. Qb5 Be7 23. Ng3 Rf4 (23... Qd7 $16 24. Re1 dxe4 25. Nxe4 (25. Nxe5 Nxe5 26. Qxe5 Bf6 $16) 25... Rd5) 24. Re1 $18 Rxf3 (24... Qc8 $16 {is a better defense.} 25. Rad1 Nd4 26. Nxd4 exd4) 25. gxf3 Nd4 26. Qd3 ({But not} 26. Qxb4 $2 Rc6 $19) 26... b3 27. cxb3 Rb6 28. Rec1 Rxb3 29. Rc3 Rxb2 {[#]} 30. Rac1 $1 {Black must now prevent Rc8.} Qb6 (30... Rb8 {was necessary.} 31. Qa6 Bf8) 31. exd5 exd5 32. Kh1 (32. Rc8+ $18 {is more deadly.} Bf8 33. Qc3) 32... Rxf2 $16 {( -> ...Qh6!)} 33. Nf5 Bf8 {[#] Hoping for ...Qb2.} 34. Rc8 $1 {[%cal Rc8f8] White threatens Rxf8+! and mate.} Qf6 35. Nxd4 exd4 36. Rf1 Qh4 $2 {[%mdl 8192] This move loses the game for Black.} (36... Ra2 $16) 37. Rxf2 {White is clearly winning.} Qxf2 $18 {[%mdl 4096] Endgame KQR-KQB} 38. Re8 Kf7 39. Qe2 Qxe2 40. Rxe2 Bb4 41. Re5 Bc3 42. Kg2 Kf6 43. Rxd5 Ke6 44. Rb5 {Accuracy: White = 82%, Black = 53%.} 1-0

[Event "BL Meisterschaftsturnier 2020"]
[Site "Karlsruhe"]
[Date "2020.09.19"]
[Round "5.15"]
[White "Rafiee, Makan"]
[Black "Naumann, Alexander"]
[Result "1/2-1/2"]
[WhiteElo "2334"]
[BlackElo "2539"]
[Annotator "TA"]
[PlyCount "76"]
[EventDate "2020.09.16"]
[EventType "team-tourn"]
[EventCountry "GER"]
[SourceTitle "playchess.com"]
[Source "ChessBase"]
[SourceQuality "1"]
[WhiteTeam "Bayern Muenchen"]
[BlackTeam "Solingen"]

{[%evp 17,76,31,31,9,15,13,8,0,0,5,16,16,12,14,12,18,20,0,13,-22,0,-16,-15,-19,0,-14,-8,-24,0,-13,-27,-29,-40,-41,-25,-33,-22,-33,-27,-35,0,0,0,0,0,0,-6,0,0,-37,-58,-56,-15,-20,0,0,0,0,0,0,0]} 1. e4 c5 2. Nf3 e6 3. d4 cxd4 4. Nxd4 Nc6 5. Nc3 Qc7 6. Be3 a6 7. Bd3 Nf6 8. O-O b5 9. Nxc6 Qxc6 10. Be2 {B48: Sicilian: Taimanov: 5 Nc3 Qc7 6 Be3 a6 without Be2.} Bd6 11. Qd4 {[#] And now e5 would win.} Bb7 12. Rad1 Bb8 13. Bf3 {Threatens to win with e5.} Qc7 {[%csl Gb8][%cal Rc7h2]} 14. g3 Ba7 15. Qd3 Bxe3 16. Qxe3 d6 {[#]} 17. Rd2 $146 ({Predecessor:} 17. a3 O-O 18. Rd4 e5 19. Rd2 Rfd8 20. Rfd1 h6 21. Bg2 Bc6 22. Rd3 a5 23. b4 {0-1 (51) Siva,M (2370)-Kononenko,D (2618) Marianske Lazne 2016}) 17... O-O 18. Rfd1 b4 $1 {[%cal Rb4c3]} 19. Ne2 d5 20. exd5 Bxd5 21. Nf4 {[%cal Rf3d5]} Bxf3 22. Qxf3 Rac8 23. Qb3 a5 24. Qd3 Qe5 25. Qb3 Qc5 26. Re1 Rfd8 27. Rxd8+ Rxd8 28. Nd3 Qd4 29. Re5 Nd5 30. Qa4 Qb6 31. a3 bxa3 32. Qxa3 h6 33. c4 Nf6 {...Qd4 is the strong threat.} 34. Qc3 a4 35. Re1 {The position is equal.} Qd6 36. Ne5 Qc5 37. Qe3 Qxe3 38. Rxe3 Rb8 {Accuracy: White = 89%, Black = 92%.} 1/2-1/2

[Event "BL Meisterschaftsturnier 2020"]
[Site "Karlsruhe"]
[Date "2020.09.19"]
[Round "5.16"]
[White "Wegerle, Joerg"]
[Black "Grafl, Florian"]
[Result "1-0"]
[WhiteElo "2401"]
[BlackElo "2353"]
[Annotator "ChessBase"]
[PlyCount "125"]
[EventDate "2020.09.16"]
[EventType "team-tourn"]
[EventCountry "GER"]
[SourceTitle "playchess.com"]
[Source "ChessBase"]
[SourceQuality "1"]
[WhiteTeam "Solingen"]
[BlackTeam "Bayern Muenchen"]
[TimeControl "40/5400+30:1800+30"]

1. e4 {[%emt 0:02:50]} d5 {[%emt 0:00:00]} 2. exd5 {[%emt 0:00:25]} Qxd5 {[%emt 0:00:00]} 3. Nc3 {[%emt 0:00:08]} Qd6 {[%emt 0:00:00]} 4. d4 {[%emt 0:00:31]} Nf6 {[%emt 0:00:00]} 5. Nf3 {[%emt 0:00:16]} c6 {[%emt 0:00:00]} 6. Ne5 {[%emt 0:03:33]} Nbd7 {[%emt 0:00:44]} 7. Nc4 {[%emt 0:01:36]} Qc7 {[%emt 0:00:04]} 8. Qf3 {[%emt 0:03:15]} Nb6 {[%emt 0:00:06]} 9. Bf4 {[%emt 0:06:02]} Qd8 {[%emt 0:00:53]} 10. Be5 {[%emt 0:02:49]} Be6 {[%emt 0:02:52]} 11. Ne3 {[%emt 0:02:11]} g6 {[%emt 0:03:12]} 12. O-O-O {[%emt 0:06:28]} Bh6 {[%emt 0:01:24]} 13. Kb1 {[%emt 0:08:37]} Bxe3 {[%emt 0:02:07]} 14. Qxe3 {[%emt 0:12:18]} Ng4 {[%emt 0:00:29]} 15. Qe1 {[%emt 0:02:36]} Nxe5 {[%emt 0:01:01]} 16. Qxe5 {[%emt 0:03:41]} O-O {[%emt 0:01:24]} 17. Bd3 {[%emt 0:01:40]} Nd5 {[%emt 0:15:11]} 18. Nxd5 {[%emt 0:05:20]} Qxd5 {[%emt 0:02:47]} 19. Qxd5 {[%emt 0:01:30]} Bxd5 {[%emt 0:00:07]} 20. Rhe1 {[%emt 0:00:30]} Rfe8 {[%emt 0:13:38]} 21. f3 {[%emt 0:04:15]} Rad8 {[%emt 0:03:35]} 22. b3 {[%emt 0:04:18]} Rd6 {[%emt 0:09:29]} 23. Kb2 {[%emt 0:05:25]} Be6 {[%emt 0:01:35]} 24. Bc4 {[%emt 0:01:23]} Bxc4 {[%emt 0:12:13]} 25. bxc4 {[%emt 0:00:51]} e6 {[%emt 0:10:54]} 26. Rd3 {[%emt 0:04:11]} Red8 {[%emt 0:05:47]} 27. Kc3 {[%emt 0:01:10]} R8d7 {[%emt 0:00:25]} 28. a4 {[%emt 0:03:02]} Kf8 {[%emt 0:00:33]} 29. a5 {[%emt 0:03:22]} Ke7 {[%emt 0:03:35]} 30. Rb1 {[%emt 0:04:29]} a6 {[%emt 0:00:35]} 31. Rbd1 {[%emt 0:00:34]} Kd8 {[%emt 0:00:56]} 32. Kb4 {[%emt 0:00:45]} Kc7 33. Kc5 {[%emt 0:00:14]} Rd8 {[%emt 0:02:01]} 34. Rb1 {[%emt 0:01:22]} R6d7 {[%emt 0:00:36]} 35. f4 {[%emt 0:01:45]} h5 {[%emt 0:00:59]} 36. g3 {[%emt 0:01:45]} Kb8 {[%emt 0:03:14]} 37. c3 {[%emt 0:01:42]} Ka8 {[%emt 0:01:36]} 38. Re3 {[%emt 0:00:38]} Rh8 {[%emt 0:01:13]} 39. Re5 {[%emt 0:00:48]} Rc8 {[%emt 0:00:37]} 40. h3 {[%emt 0:00:47]} Kb8 {[%emt 0:01:44]} 41. g4 {[%emt 0:06:45]} hxg4 {[%emt 0:00:06]} 42. hxg4 {[%emt 0:00:05]} Rh8 {[%emt 0:00:17]} 43. f5 {[%emt 0:02:53]} exf5 {[%emt 0:03:17]} 44. gxf5 {[%emt 0:00:42]} gxf5 {[%emt 0:07:30]} 45. Kb6 {[%emt 0:06:55]} c5 {[%emt 0:06:37]} 46. Kxc5 {[%emt 0:00:31]} Rh3 {[%emt 0:00:05]} 47. Kb4 {[%emt 0:02:02]} f4 {[%emt 0:06:09]} 48. Rf1 {[%emt 0:02:23]} Re3 {[%emt 0:01:15]} 49. Rf5 {[%emt 0:01:24]} f3 {[%emt 0:01:33]} 50. R1xf3 {[%emt 0:00:53]} Rxf3 {[%emt 0:00:03]} 51. Rxf3 {[%emt 0:00:15]} Kc8 {[%emt 0:03:55]} 52. d5 {[%emt 0:01:25]} Kd8 {[%emt 0:05:04]} 53. Kc5 {[%emt 0:01:05]} Rc7+ {[%emt 0:01:00]} 54. Kd4 {[%emt 0:01:27]} Rd7 {[%emt 0:01:35]} 55. c5 {[%emt 0:01:18]} Kc7 {[%emt 0:00:03]} 56. c4 {[%emt 0:01:37]} f6 {[%emt 0:00:09]} 57. Rxf6 {[%emt 0:02:03]} Rh7 {[%emt 0:00:01]} 58. c6 {[%emt 0:00:37]} b6 {[%emt 0:01:57]} 59. axb6+ {[%emt 0:00:54]} Kxb6 {[%emt 0:00:02]} 60. c5+ {[%emt 0:01:33]} Kc7 {[%emt 0:00:50]} 61. Rf4 {[%emt 0:00:39]} a5 {[%emt 0:00:44]} 62. Kc4 {[%emt 0:00:09]} a4 {[%emt 0:00:17]} 63. Kb5 1-0

[Event "BL Meisterschaftsturnier 2020"]
[Site "Karlsruhe"]
[Date "2020.09.19"]
[Round "5.16"]
[White "Rudolf, Henrik"]
[Black "Kozul, Zdenko"]
[Result "1/2-1/2"]
[WhiteElo "2295"]
[BlackElo "2597"]
[Annotator "TA"]
[PlyCount "50"]
[EventDate "2020.09.16"]
[EventType "team-tourn"]
[EventCountry "GER"]
[SourceTitle "playchess.com"]
[Source "ChessBase"]
[SourceQuality "1"]
[WhiteTeam "SF Berlin"]
[BlackTeam "Deizisau"]

{[%evp 16,50,46,19,31,31,33,31,43,47,54,43,45,45,43,33,47,46,53,47,47,47,62,22,29,0,0,0,0,-19,33,26,35,-14,-17,0,0]} 1. e4 c5 2. Nf3 Nc6 3. d4 cxd4 4. Nxd4 Nf6 5. Nc3 d6 6. Bg5 e6 7. Qd2 Qb6 8. Bxf6 gxf6 9. Nb3 a6 {B60: Sicilian: Richter-Rauzer: Unusual Black 6th moves and 6...Bd7 without 7 Qd2.} 10. O-O-O h5 11. Kb1 h4 {White is slightly better.} 12. f4 Bd7 13. Be2 O-O-O 14. Rhf1 Kb8 15. Qe1 Rc8 16. Rf3 {[#]} Ne7 $146 ({Predecessor:} 16... Nb4 17. Nd4 Bg7 18. f5 Bf8 19. Qf1 Qc5 20. Nb3 Qb6 21. Qf2 Qxf2 22. Rxf2 Be7 {½-½ (29) L'Ami,E (2600)-Bindrich,F (2513) Plovdiv 2008}) 17. Rfd3 Ng6 18. Qf1 Qc7 19. f5 Ne5 20. Rd4 Be7 21. R1d2 Rhg8 22. Nd1 Nc6 (22... Bc6 $11) 23. R4d3 Ne5 24. Rd4 Bf8 {Black wants to play ...Bh6.} 25. Nc3 $1 Be7 {Accuracy: White = 80%, Black = 92%.} 1/2-1/2

[Event "BL Meisterschaftsturnier 2020"]
[Site "Karlsruhe"]
[Date "2020.09.19"]
[Round "6.1"]
[White "Mamedyarov, Shakhriyar"]
[Black "Kamsky, Gata"]
[Result "1-0"]
[WhiteElo "2764"]
[BlackElo "2674"]
[Annotator "TA"]
[PlyCount "115"]
[EventDate "2020.09.16"]
[EventType "team-tourn"]
[EventCountry "GER"]
[SourceTitle "playchess.com"]
[Source "ChessBase"]
[SourceQuality "1"]
[WhiteTeam "Viernheim"]
[BlackTeam "Deizisau"]

{[%evp 15,115,72,81,68,77,66,81,26,27,25,27,27,27,27,27,27,27,31,22,25,37,33,19,0,9,8,10,11,51,43,50,47,62,30,54,45,66,25,33,20,170,188,177,168,171,168,158,152,209,209,217,209,208,208,209,192,360,150,161,0,338,0,154,129,135,132,181,175,175,175,266,172,209,196,186,0,294,284,493,479,466,462,582,579,553,547,528,451,423,433,1346,1217,1953,612,5106,5081,29978,1452,29980,29980,29993,29994]} 1. d4 Nf6 2. c4 g6 3. Nc3 Bg7 4. e4 d6 5. Be2 Nc6 6. d5 Nb8 7. Nf3 c6 8. O-O O-O 9. h3 {[#] E91: King's Indian: Classical: 6 Be2, unusual replies including 6...c5 and 6...Bg4.} e5 $146 ({Predecessor:} 9... Nbd7 10. Be3 Qc7 11. Nd4 a6 12. f4 Rb8 13. a4 Re8 14. Rc1 c5 15. Nc2 b6 {1-0 (41) Cioara,A (2417)-Sanduleac,V (2426) Mamaia 2019}) 10. dxe6 Bxe6 11. Re1 (11. Bg5 $16) 11... d5 $11 12. exd5 cxd5 13. Bg5 dxc4 14. Nd4 Qc8 15. Nxe6 Qxe6 16. Bf3 Qa6 17. Bxf6 Bxf6 18. Nd5 {Nc7 is the strong threat.} Bd8 19. h4 Nc6 20. h5 Qa5 21. Qc1 Nb4 22. Qxc4 Nxd5 23. Bxd5 Bf6 24. b4 Qb6 25. Rad1 Rad8 26. a4 {[%cal Ba2a4,Ba4a5][%mdl 32]} Kg7 27. Qf4 Rfe8 (27... h6 $11 {and Black has nothing to worry.}) 28. h6+ Kf8 {Strongly threatening ...Rxe1+.} 29. Rxe8+ Rxe8 30. a5 $1 $40 {[%cal Ra5b6][%mdl 128] White has strong attack.} Qd8 31. Qf3 {Black must now prevent Bxf7!} Qe7 (31... Re5 $16 32. Bxb7 Qe7) 32. Bxb7 $18 Be5 33. Bc6 Rd8 34. b5 $1 Rxd1+ 35. Qxd1 Bc7 $2 {[#]} (35... Qd6 36. Qe1 Ke7) 36. Qa1 (36. b6 $1 $18 {[%mdl 512]} axb6 37. a6) 36... Be5 $16 37. Qd1 $2 (37. Qe1) 37... Bc7 $1 $18 {[#]} 38. Qa1 (38. b6 $1 $18 {[%mdl 512] is the precise move to win.} axb6 39. a6) 38... Be5 $1 $16 {[%cal Re5a1]} 39. Qe1 Bd4 40. Qd2 Qc5 41. g3 $1 Ke7 {[#]} 42. Kg2 $1 f5 (42... Qd6 {was necessary.} 43. Qa2 Qc5 44. Qe2+ Kf6) 43. Qg5+ Bf6 {[#]} 44. Qf4 $1 {[%cal Rf4c7] Threatening mate with Qc7+.} Be5 45. Qd2 (45. Qh4+ $142 Bf6 46. Qf4) 45... Bd4 $1 $18 46. f4 Kf6 $2 (46... Qc4 {keeps fighting.} 47. Qe1+ Qe6 48. Qb4+ Qd6) 47. Kh3 Qc4 48. Bg2 Qc5 49. Bf3 Ke7 50. Qe2+ Be3 51. Qb2 {And now Qg7+ would win.} Bd4 52. Qb3 Kd6 (52... g5 $142 53. fxg5 Be5) 53. Bc6 g5 54. fxg5 (54. Qf7 $142 gxf4 55. Qd7+ Ke5 56. b6 axb6 57. axb6) 54... a6 55. Qf7 axb5 56. Qd7+ Ke5 57. g6 Kf6 58. g7 {Accuracy: White = 82%, Black = 62%.} 1-0